Statystyki dla Co to za logo #7 - Aplikacje i przeglądarki internetowe

Kliknij tutaj aby rozwiązać quiz!

Ogólne statystyki

  • Ten quiz został rozwiązany 68 razy
  • Średni wynik to 18 z 21

Statystyki odpowiedzi

Odpowiedź% Poprawnych
Google
100%
Facebook
97%
Instagram
97%
Netflix
97%
TikTok
97%
Twitter
97%
YouTube
95%
SnapChat
93%
Android
90%
Spotify
90%
Wikipedia
90%
Gmail
89%
Skype
87%
X-Box
85%
WhatsApp
84%
Excel
80%
Discord
79%
Internet Explorer
69%
Safari
67%
Virgin
44%
Linkedin
41%

Rozkład punktacji

Percentyl według liczby udzielonych odpowiedzi

Procent ludzi z każdym wynikiem

Twoja historia wyników

Nie rozwiązałeś tego quizu